Matt Sheldon
Oxford C
Categories
Science - Other Science | 0 | 2 | 0 | 0 | 20 | 93 | 115.00 | 0 | 1 |
Philosophy | 0 | 2 | 0 | 1 | 20 | 51 | 95.00 | 1 | 1 |
Fine Arts - Classical Music | 0 | 1 | 0 | 0 | 10 | 127 | 127.00 | 0 | 0 |
Fine Arts - Other Fine Arts | 0 | 1 | 0 | 0 | 10 | 99 | 99.00 | 0 | 1 |
Literature - European Literature | 0 | 1 | 0 | 0 | 10 | 115 | 115.00 | 0 | 0 |
Science - Physics | 0 | 1 | 0 | 1 | 10 | 133 | 133.00 | 0 | 0 |
Social Science | 0 | 1 | 0 | 0 | 10 | 119 | 119.00 | 0 | 1 |
Literature - American Literature | 0 | 1 | 1 | 0 | 5 | 132 | 132.00 | 0 | 0 |
Literature - British Literature | 0 | 1 | 1 | 0 | 5 | 87 | 87.00 | 1 | 1 |
Science - Biology | 0 | 0 | 0 | 0 | 0 | 0.00 | 0 | 0 | |
Science - Chemistry | 0 | 0 | 0 | 0 | 0 | 0.00 | 0 | 0 | |
Fine Arts - Painting & Sculpture | 0 | 0 | 0 | 0 | 0 | 0.00 | 0 | 0 | |
Mythology | 0 | 0 | 1 | 0 | -5 | 0.00 | 0 | 0 |